Textbook of Nursing Foundation (Record no. 1250)
[ view plain ]
| 000 -LEADER | |
|---|---|
| Fixed length control field | 00540nam a2200205Ia 4500 |
| 003 - CONTROL NUMBER IDENTIFIER | |
| Control field | IIN |
| 005 - DATE AND TIME OF LATEST TRANSACTION | |
| Control field | 20240205122956.0 |
| 008 - FIXED-LENGTH DATA ELEMENTS--GENERAL INFORMATION | |
| Fixed length control field | 231217s9999 xx 000 0 und d |
| 020 ## - INTERNATIONAL STANDARD BOOK NUMBER / ISBN | |
| Price | Rs.550.00 |
| International Standard Book Number | 9788195350735 |
| 040 ## - CATALOGING SOURCE | |
| Original cataloging agency | IIN |
| Language of cataloging | English |
| 082 ## - DEWEY DECIMAL CLASSIFICATION NUMBER | |
| Classification number | 610.73 |
| Book Number | RAJ |
| 100 1# - MAIN ENTRY--PERSONAL NAME | |
| Personal name | Raj, D. Elakkuvana Bhaskara |
| 245 ## - TITLE STATEMENT | |
| Title | Textbook of Nursing Foundation |
| Statement of responsibility | D. Elakkuvana Bhaskara Raj |
| 260 ## - IMPRINT | |
| Name of publisher | EMMESS |
| Place of publication | Bangalore |
| Date of publication | 2022 |
| 300 ## - PHYSICAL DESCRIPTION | |
| Page / Vol. No | vi, 354p. |
| 440 ## - SERIES STATEMENT | |
| Number | Vol. 1 |
| 650 1# - SUBJECT ADDED ENTRY--TOPICAL TERM | |
| Topical term | Foundation |
| 653 1# - INDEX TERM--UNCONTROLLED | |
| Uncontrolled term | Fundamental |
| 942 ## - ADDED ENTRY ELEMENTS (KOHA) | |
| Koha item type | Books |
| Withdrawn status | Lost status | Damaged status | Not for loan | Collection code | Home library | Current library | Date acquired | Price | Total Checkouts | Call number | Accession number | Date last seen | Copy number | Price effective from | Koha item type | Total Renewals | Date checked out |
|---|---|---|---|---|---|---|---|---|---|---|---|---|---|---|---|---|---|
| IDEAL INSTITUTE OF NURSING | IDEAL INSTITUTE OF NURSING | 17/12/2023 | 550.00 | 610.73 RAJ | 1244 | 17/12/2023 | Vol.1 | 17/12/2023 | Books | ||||||||
| IDEAL INSTITUTE OF NURSING | IDEAL INSTITUTE OF NURSING | 17/12/2023 | 550.00 | 610.73 RAJ | 1245 | 17/12/2023 | Vol.1 | 17/12/2023 | Books | ||||||||
| IDEAL INSTITUTE OF NURSING | IDEAL INSTITUTE OF NURSING | 17/12/2023 | 550.00 | 610.73 RAJ | 1246 | 17/12/2023 | Vol.1 | 17/12/2023 | Books | ||||||||
| IDEAL INSTITUTE OF NURSING | IDEAL INSTITUTE OF NURSING | 17/12/2023 | 550.00 | 610.73 RAJ | 1247 | 17/12/2023 | Vol.1 | 17/12/2023 | Books | ||||||||
| IDEAL INSTITUTE OF NURSING | IDEAL INSTITUTE OF NURSING | 17/12/2023 | 550.00 | 610.73 RAJ | 1248 | 17/12/2023 | Vol.1 | 17/12/2023 | Books | ||||||||
| IDEAL INSTITUTE OF NURSING | IDEAL INSTITUTE OF NURSING | 17/12/2023 | 550.00 | 610.73 RAJ | 1249 | 17/12/2023 | Vol.1 | 17/12/2023 | Books | ||||||||
| IDEAL INSTITUTE OF NURSING | IDEAL INSTITUTE OF NURSING | 17/12/2023 | 550.00 | 610.73 RAJ | 1250 | 17/12/2023 | Vol.1 | 17/12/2023 | Books | ||||||||
| IDEAL INSTITUTE OF NURSING | IDEAL INSTITUTE OF NURSING | 17/12/2023 | 550.00 | 610.73 RAJ | 1251 | 17/12/2023 | Vol.1 | 17/12/2023 | Books | ||||||||
| IDEAL INSTITUTE OF NURSING | IDEAL INSTITUTE OF NURSING | 17/12/2023 | 550.00 | 610.73 RAJ | 1252 | 17/12/2023 | Vol.1 | 17/12/2023 | Books | ||||||||
| IDEAL INSTITUTE OF NURSING | IDEAL INSTITUTE OF NURSING | 17/12/2023 | 550.00 | 1 | 610.73 RAJ | 1253 | 26/12/2023 | Vol.1 | 17/12/2023 | Books | 1 | 26/12/2023 |
